Jeder Man of the Match in WM Finalen - Statistiken

Allgemein
  • Dieses Quiz wurde 449 mal gespielt
  • Das Durchschnittsergebnis liegt bei 5 aus 6
Antwortstatistiken
Jahr Nation Antwort % Korrekt
2022 Argentinien Messi
99%
2014 Deutschland Götze
95%
2002 Brasilien Ronaldo
91%
2010 Spanien Iniesta
86%
2018 Frankreich Griezmann
75%
2006 Italien Pirlo
40%
Keine übereinstimmenden Quizze gefunden
Verteilung der Resultate
Anzahl Personen mit jedem Resultat
Perzentil nach korrekt beantworteten Fragen
Ihre Resultats-Entwicklung
Sie haben dieses Quiz noch nicht gespielt